|
|
|
|
| LEADER |
00861nam a22002292a 4500 |
| 001 |
000966684 |
| 003 |
CZ BrMZK |
| 005 |
20100222144106.0 |
| 007 |
ta |
| 008 |
090921s1962 ru er|||||||||||rus d |
| 040 |
|
|
|a BOA001
|b cze
|
| 100 |
1 |
|
|a Bronštejn, Il‘ja Nikolajevič,
|d 1903-1976
|7 mzk2003217321
|4 aut
|
| 245 |
1 |
0 |
|a Spravočnik po matematike :
|b dlja inženerov i učaščichsja vtuzov /
|c Il'ja Nikolajevič Bronštejn i Konstantin Adol'fovič Semendjajev
|
| 250 |
|
|
|a Izd. 10., stereotip.
|
| 260 |
|
|
|a Moskva :
|b Fizmatgiz,
|c 1962
|
| 300 |
|
|
|a 608 s. +
|e 1 příl.
|
| 504 |
|
|
|a Obsahuje bibliografii
|
| 700 |
1 |
|
|a Semendjajev, Konstantin Adol‘fovič,
|d 1908-1988
|7 jx20050819016
|4 aut
|
| 910 |
|
|
|a BOA001
|b 1-0427.367-62
|
| 990 |
|
|
|a BK
|
| 991 |
|
|
|b 200909
|
| 996 |
7 |
|
|b 2619429952
|c 1-0427.367-62
|l MZK
|r Sklad / do 1 hodiny
|n 0
|w 000966684
|u 000010
|a 1
|e BOA001
|j MZK50
|s A
|